| 000 | 00840nam a2200169 i 4500 | ||
|---|---|---|---|
| 001 | 152233 | ||
| 003 | ES-MaACL | ||
| 005 | 20230908192502.0 | ||
| 008 | 931025s1877 sp |||| | spa d | ||
| 100 | 1 |
_aBlasco, Eusebio, _d1844-1903 _9126018 |
|
| 245 | 1 | 3 |
_aLa rosa amarilla _b: comedia en tres actos, en verso / _coriginal de Eusebio Blasco. |
| 260 |
_aMadrid : _b[s.n.], _c1877 ( _fImp. de José Rodriguez) |
||
| 300 |
_a95 p. ; _c, 20 cm. |
||
| 594 | 1 | _aEn port.: Representada por primera vez en el Teatro de la Comedia, en noviembre de 1877. | |
| 852 |
_aES-MaACL _jF-8596(5) _z-- Enc. pasta española _z-- Enc. en un vol. facticio formando parte de la col. facticia "Teatro español moderno", vol. 49 _q.- Falto de la cub. original _z.- Firma manuscrita de Gustavo Saenz Diez, 1878 en anteport. |
||
| 999 |
_c152233 _d152233 |
||